<?xml version="1.0" encoding="UTF-8"?>
<collection xmlns="http://www.loc.gov/MARC21/slim">
  <record>
    <leader>00000nam  2200000   4500</leader>
    <controlfield tag="001">INLIS000000000018653</controlfield>
    <controlfield tag="005">20241204091052</controlfield>
    <datafield tag="035" ind1="#" ind2="#">
      <subfield code="a">0010-1224000024</subfield>
    </datafield>
    <controlfield tag="007">ta</controlfield>
    <controlfield tag="008">241204###########################0######</controlfield>
    <datafield tag="245" ind1="#" ind2="#">
      <subfield code="a">PENPANDA FISIP UHO :</subfield>
      <subfield code="b">Peningkatan Tata Kelola Pengarsipan  Data Akademik Program Studi Ilmu Kesejahteraan Sosial Fakultas Ilmu Sosial dan Politik Universitas Halu Oleo /</subfield>
      <subfield code="c">Dian Puspita Rizki, M.A</subfield>
    </datafield>
    <datafield tag="260" ind1="#" ind2="#">
      <subfield code="a">Makassar :</subfield>
      <subfield code="b">Puslatbang KMP RI LAN Makassar,</subfield>
      <subfield code="c">2024</subfield>
    </datafield>
    <datafield tag="300" ind1="#" ind2="#">
      <subfield code="a">56 ;</subfield>
      <subfield code="c">30</subfield>
    </datafield>
    <datafield tag="650" ind1="#" ind2="4">
      <subfield code="a">meningkatkan tata kelola pengarsipan data akademik melalui pendekatan yang lebih sistematis dan penggunaan teknologi informasi.</subfield>
    </datafield>
    <datafield tag="700" ind1=" " ind2="#">
      <subfield code="a">Dr. Anrian Tawai, S.Sos., M.Si (Mentor)</subfield>
    </datafield>
    <datafield tag="700" ind1=" " ind2="#">
      <subfield code="a">Muskamal, S.Sos., M.Si (Coach)</subfield>
    </datafield>
    <datafield tag="520" ind1="#" ind2="#">
      <subfield code="a">Pengelolaan pengarsipan data akademik yang baik merupakan aspek penting dalam mendukung kualitas pendidikan pada Program Studi Ilmu Kesejahteraan Sosial Jurusan Sosiologi Fakultas Ilmu Sosial dan Politik Universitas Halu Oleo. Namun, masih terdapat isu terkait lemahnya tata kelola pengarsipan data akademik di program studi ini, seperti kurangnya standar baku dalam prosedur pengarsipan, minimnya penggunaan teknologi informasi, serta keterbatasan sumber daya manusia yang memahami pengelolaan arsip yang efektif. Tulisan ini bertujuan untuk meningkatkan tata kelola pengarsipan data akademik melalui pendekatan yang lebih sistematis dan penggunaan teknologi informasi. Hasil tulisan menunjukkan bahwa peningkatan tata kelola dapat dilakukan dengan mengadopsi sistem manajemen arsip digital, pelatihan bagi staf akademik. serta pembentukan kebijakan dan SOP yang jelas terkait pengarsipan dan pembuatan modul pengarsipan data akademik. Implementasi sistem digital tidak hanya memudahkan penyimpanan dan pencarian data, tetapi juga meningkatkan efisiensi dan keamanan data. Dengan demikian, peningkatan tata kelola pengarsipan data akademik di Program Studi Ilmu Kesejahteraan Sosial dapat memberikan kontribusi signifikan terhadap peningkatan kualitas layanan pendidikan dan akuntabilitas program studi tersebut.</subfield>
    </datafield>
    <datafield tag="856" ind1="#" ind2="#">
      <subfield code="a">PUSLATBANG KMP LAN RI Makassar</subfield>
    </datafield>
  </record>
</collection>
